MARC

LEADER 00000nas1a2200000 4500
001 181901
005 20240409134123.0
035 |a (RuTPU)RU\TPU\book\197183 
035 |a RU\TPU\book\196876 
090 |a 181901 
100 |a 20100614b19311934k||y0rusy50 ca 
101 0 |a rus 
102 |a RU 
110 |a afaz|||0uu0 
200 1 |a Известия Сибирского Химико-Технологического Института [Известия СХТИ]  |f Сибирский химико-технологический институт 
210 |a Томск  |d 1931-1934 
305 |a Издается с 1903 г. 
430 1 |0 181612  |9 181612  |a Сибирский технологический институт  |c Томск  |d 1927-1930  |t Известия Сибирского Технологического института [Известия СТИ] 
440 1 |0 181943  |9 181943  |a Сибирский механико-машиностроительный институт  |c Томск  |d 1933-1934  |t Известия Сибирского Механико-Машиностроительного Института [Известия СММИ] 
531 |a Известия СХТИ 
606 |a Научно-технический потенциал  |9 64427 
675 |a 62  |v 4  |z rus 
712 0 2 |a Сибирский химико-технологический институт  |c (Томск)  |c (1930-1934)  |3 (RuTPU)RU\TPU\col\14004  |9 25850 
801 1 |a RU  |b 63413507  |c 20090209  |g PSBO 
801 2 |a RU  |b 63413507  |c 20100615  |g PSBO 
942 |c CR